书目信息 |
| 题名: |
美容牙医学
|
|
| 作者: | 潘可风 , 蔡中 主编 | |
| 分册: | ||
| 出版信息: | 北京 科学出版社 1999.08 |
|
| 页数: | 204页 | |
| 开本: | 26cm | |
| 丛书名: | 新世纪美容医学继续教育丛书/彭庆星 总主编 | |
| 单 册: | ||
| 中图分类: | R782.1-5 | |
| 科图分类: | ||
| 主题词: | 口腔外科学 | |
| 电子资源: | ||
| ISBN: | 7-03-007485-8 | |
| 000 | 00710nam0 2200229 45 | |
| 001 | 0007040841 | |
| 005 | 20000704083551.2 | |
| 010 | @a7-03-007485-8@b精装@d25.00元 | |
| 100 | @a20000704d1999 km y0chiy0120 ea | |
| 101 | 0 | @achi |
| 105 | @a z 000yy | |
| 200 | 1 | @a美容牙医学@AMei Rong Ya Yi Xue@f潘可风,蔡中 主编@FPan Ke Feng,Cai Zhong Zhu Bian |
| 210 | @a北京@c科学出版社@d1999.08 | |
| 215 | @a204页@d26cm | |
| 225 | @a新世纪美容医学继续教育丛书/彭庆星 总主编 | |
| 410 | @12001 @a新世纪美容医学继续教育丛书/彭庆星 总主编 | |
| 606 | 0 | @a口腔外科学 |
| 690 | @aR782.1-5@v3 | |
| 701 | 0 | @a潘可风@4主编 |
| 701 | 0 | @a蔡中@4主编 |
| 801 | @aCN@bPftUser@c20000704 | |
| 905 | @aBZT@b72238-239@dR782.1-5@e1@f2 | |
| 美容牙医学/潘可风,蔡中 主编.-北京:科学出版社,1999.08 |
| 204页;26cm.-(新世纪美容医学继续教育丛书/彭庆星 总主编) |
| ISBN 7-03-007485-8(精装):25.00元 |
| ● |
| 相关链接 |
|
|
|
正题名:美容牙医学
索取号:R782.1-5/1
 
预约/预借
| 序号 | 登录号 | 条形码 | 馆藏地/架位号 | 状态 | 备注 |
| 1 | 72238 | 200709858 | 中心书库中库/ 中库014架B面6列3层45/ [索取号:R782.1-5/1] | 在馆 | |
| 2 | 72239 | 200709947 | 中心书库中库/ 中库015架B面7列3层3/ [索取号:R782.1-5/1] | 在馆 |